ARRUPE JESUIT UNIVERSITY

CORONAVIRUS -STOP THE SPREAD - CLEAN,DISINFECT,COVER

More Rhodesian rhymes. (Record no. 124101)

MARC details
000 -LEADER
fixed length control field 00517cam a2200205K 4500
001 - CONTROL NUMBER
control field 4724690
003 - CONTROL NUMBER IDENTIFIER
control field ARRUPE
005 - DATE AND TIME OF LATEST TRANSACTION
control field 20160209103703.0
008 - FIXED-LENGTH DATA ELEMENTS--GENERAL INFORMATION
fixed length control field 970622s1913 rh 000 0 eng d
035 ## - SYSTEM CONTROL NUMBER
System control number (OCoLC)ocm37173793
035 ## - SYSTEM CONTROL NUMBER
System control number (NNC)4724690
035 ## - SYSTEM CONTROL NUMBER
System control number (OCoLC)37173793
040 ## - CATALOGING SOURCE
Original cataloging agency NYP
Transcribing agency NYP
Modifying agency ZCU
300 ## - PHYSICAL DESCRIPTION
Dimensions 19cm..
100 1# - MAIN ENTRY--PERSONAL NAME
Personal name Gouldsbury, Cullen.
9 (RLIN) 22058
245 10 - TITLE STATEMENT
Title More Rhodesian rhymes.
260 ## - PUBLICATION, DISTRIBUTION, ETC. (IMPRINT)
Place of publication, distribution, etc Bulawayo,
Name of publisher, distributor, etc Philpott & Collins,
Date of publication, distribution, etc 1913.
300 ## - PHYSICAL DESCRIPTION
Extent 136 p.
942 ## - ADDED ENTRY ELEMENTS (KOHA)
Source of classification or shelving scheme Library of Congress Classification
Koha item type SPC
Holdings
Withdrawn status Lost status Source of classification or shelving scheme Damaged status Not for loan Collection code Home library Current library Shelving location Date acquired Total Checkouts Full call number Barcode Date last seen Price effective from Koha item type
    Library of Congress Classification     SPECIAL Collection ARRUPE LIBRARY ARRUPE LIBRARY Reference 09/02/2016   SPC PR6013.O93 M6 46500006180 09/02/2016 09/02/2016 SPC

 

Arrupe Library. PO Box MP320 Mt Pleasant, Harare, Zimbabwe
263 242 745411|librarian@aju.ac.zw